000 00835nam a2200277 a 4500
001 77222
003 BD-RjUL
005 20211209082939.0
008 200304r19521904enk 001 0 eng d
035 _a(BD-RjUL)77447
035 _a945676
040 _aANL
_beng
_cANL
_dNNCU:A
_dBD-RjUL
041 _aeng
082 0 4 _223
_a821.7
_bBYP 1952
100 1 _aByron, George Gordon Byron,
_d1788-1824.
_9240322
245 1 4 _aThe poetical works of Lord Byron /
_cGeorge Gordon Noel Byron
250 _aOxford ed.
260 _aLondon :
_bHenry Frowde,
_c1904 [reprinted 1952]
300 _ax, 924 p. ;
_c19 cm.
500 _aPrinter: Horace Hart.
500 _aIncludes index.
600 _aByron, George Gordon Byron, Baron,
_d1788-1824
_9240325
650 _aEnglish poetry
_9240324
942 _2ddc
_cBK
999 _c77222
_d77222